000 00651nam a22002177a 4500
999 _c5765
_d5765
003 AR-CdUCM
008 190313b ||||| |||| 00| 0 spa d
040 _aMUNICIPALIDAD PROVINCIAL DEL CUSCO
_cBIBLIOTECA MUNICIPAL DEL CUSCO
082 _a965.04 /
_bT81
100 _aTriki, Hussein
_917138
245 _aHe aquí Argelia /
260 _aLima :
_bEmpresa tipográfica salas e hijos,
300 _a96 paginas ;
_c20 cm.
500 _aDonación de la familia Nieto.
505 _aContenido :He aquí Argelia.
650 _aCuestión Judía
_917139
650 _aHistoria
_9136
650 _aSionismo
_92000
942 _2ddc
_cLIBROS
945 _arum